Harry Potter nach Bildern #4 - Statistiken

Allgemein
  • Dieses Quiz wurde 1.082 mal gespielt
  • Das Durchschnittsergebnis liegt bei 11 aus 16
Antwortstatistiken
Bildquiz Hint Antwort % Korrekt
Tierwesen Dobby/ Hauself
98%
Objekt Gryffindors Schwert
96%
Objekt Tom Riddles Tagebuch
92%
Tierwesen Bergtroll
89%
Person Bill Weasley
88%
Objekt Vorlost Gaunts Ring
84%
Objekt Zeitumkehrer
84%
Ort Die Mädchentoilette der Maulenden Myrte
77%
Ort Astronomieturm
75%
Ort Herrenhaus der Malfoy
66%
Ort Eulerei
60%
Person Fenrir Greyback
60%
Person Olympe Maxime
60%
Person Rufus Scrimgeour
34%
Tierwesen Bowtruckle
27%
Tierwesen Minimuff
20%
Keine übereinstimmenden Quizze gefunden
Verteilung der Resultate
Anzahl Personen mit jedem Resultat
Perzentil nach korrekt beantworteten Fragen
Ihre Resultats-Entwicklung
Sie haben dieses Quiz noch nicht gespielt